000 00644cam a22002052 4500
001 0000006037
005 20151021151107.0
008 070912s xx 000 0 eng d
020 _a8178085321 :
_cKES 1,350
020 _a8131709948
040 _aKABU
_cKABU
100 1 _aHalsall, Fred.
_@0000148212
245 1 0 _aMultimedia communications :
_bapplications, networks, protocols and standards /
_cFred Halsall.
260 _aDelhi :
_bPearson Educ.,
_c2001.
300 _a1056 p.
650 0 _aMultimedia systems.
_@0000148337
852 1 _9p1350 KES
908 _a070912
950 _@1
999 _c610
_d610